El tratado de comercio con Portugal y su especial influencia para la vida y desarrollo económico de Madrid / (Record no. 180823)
[ view plain ]
| 000 -LEADER | |
|---|---|
| campo de control de longitud fija | 01059nab a2200253 i 4500 |
| 001 - NÚMERO DE CONTROL | |
| campo de control | 180823 |
| 003 - IDENTIFICADOR DE NÚMERO DE CONTROL | |
| campo de control | ES-MaACL |
| 005 - FECHA Y HORA DE LA ÚLTIMA TRANSACCIÓN | |
| campo de control | 20250904063109.0 |
| 008 - DATOS DE LONGITUD FIJA--INFORMACIÓN GENERAL | |
| campo de control de longitud fija | 120717s1913 sp 000 s spa d |
| 040 ## - FUENTE DE CATALOGACIÓN | |
| Centro catalogador/agencia de origen | ES-MaACL |
| 100 1# - ENTRADA PRINCIPAL--NOMBRE DE PERSONA | |
| Nombre de persona | Prieto Pazos, Faustino, |
| Fechas asociadas al nombre | 1861- |
| Término indicativo de función/relación | Autor |
| 9 (RLIN) | 93938 |
| 245 13 - MENCIÓN DEL TÍTULO | |
| Título | El tratado de comercio con Portugal y su especial influencia para la vida y desarrollo económico de Madrid / |
| Mención de responsabilidad, etc. | por Faustino Prieto Pazos |
| 300 ## - DESCRIPCIÓN FÍSICA | |
| Extensión | Páginas 22-31 |
| 594 ## - Nota al título y mención de responsabilidad | |
| Nota al título y mención de responsabilidad | Precede al título: Conferencias en el Círculo de la Unión Mercantil de Madrid<br/> |
| 599 ## - NOTA A LAS ILUSTRACIONES | |
| Nota | Retrato del autor en portada |
| 651 #4 - PUNTO DE ACCESO ADICIONAL DE MATERIA--NOMBRE GEOGRÁFICO | |
| Nombre geográfico | Portugal- |
| Subdivisión general | Relaciones económicas- |
| Subdivisión geográfica | España |
| 9 (RLIN) | 226958 |
| 651 #4 - PUNTO DE ACCESO ADICIONAL DE MATERIA--NOMBRE GEOGRÁFICO | |
| Nombre geográfico | España- |
| Subdivisión general | Relaciones económicas- |
| Subdivisión geográfica | Portugal |
| 9 (RLIN) | 226959 |
| 655 #4 - TERMINO DE INDIZACIÓN--GENERO/FORMA | |
| Datos o término principal de género/forma | Conferencias |
| 9 (RLIN) | 234444 |
| 710 2# - ENTRADA AGREGADA--NOMBRE DE ENTIDAD CORPORATIVA | |
| Nombre de entidad corporativa o nombre de jurisdicción como elemento de entrada | Círculo de la Unión Mercantil (Madrid) |
| Término indicativo de función/relación | entidad responsable |
| 9 (RLIN) | 134324 |
| 773 0# - ASIENTO DE ITEM FUENTE | |
| Título | La Palabra : revista taquigráfica, |
| Número Internacional Normalizado para Publicaciones Seriadas | ISSN 2479-7723 |
| Parte(s) relacionada(s) | N. 23 (1 dic.1913), p. 22-31 |
| Número bibliográfico anfitrión | 2879 |
| Número de ítem anfitrión | 2987 |
| Número de control del registro | 2879 |
| 942 ## - ELEMENTOS DE ENTRADA SECUNDARIOS (KOHA) | |
| Fuente del sistema de clasificación o colocación | Clasificación decimal universal |
| Tipo de ítem Koha | Artículo de revista |
| Suprimir en OPAC | No |
| 955 ## - CATALOGADOR - EDICIÓN | |
| Nombre de catalogador | Pilar Fernández Vera |
No items available.
